000
00266nam a22001217a 4500
082
_a
621.815 BLA'M
100
_a
ADAMS, O. E,BLACK, P. H
_9
60206
245
_a
MACHINE DESIGN
250
_a
3RD
260
_a
TOKYO
_b
MCGRAW HILL
_c
1968
300
_a
678P
942
_c
BK
999
_c
569997
_d
569997